00377pab a2200121 454500008004000000100002100040245011300061260000900174300001500183362000800198650002000206773002900226180718b2013 xxu||||| |||| 00| 0 eng d aLindner, Stephan aFrom working to applying: Employment transitions of applicants for disability insurance in the United States c2013 ap.329-348. aApr aSocial security aJournal of Social Policy